=LDR 00000nam 2200000 4500 =001 INLIS000000000019869 =005 20150327104702.0 =006 =007 =008 Ind =035 ##$$0010-061300000019869 =041 ##$$a Ind =082 ##$$a 780 =090 ##$$a 780, Din o =100 ##$$a Dinu, Freda =245 ##$$a Rhe obseruer's book of music, Freda Ainu =260 ##$$a 1961 $b London =300 ##$$a 190 hlm, ilus, 31 cm =650 ##$$a Musik =850 ##$$a NBPNMAT